[Event "71st POL-ch (w)"]
[Site "Warsaw POL"]
[Date "2019.05.11"]
[Round "1.2"]
[White "Kulon, Klaudia"]
[Black "Kubicka, Anna"]
[Result "1-0"]
[WhiteElo "2357"]
[BlackElo "2142"]
[EventDate "2019.05.11"]
[PlyCount "81"]

1.e4 c5 2.Nf3 d6 3.d4 Nf6 4.Nc3 cxd4 5.Nxd4 a6 6.Be3 e5 7.Nb3 Be7 8.f3 Be6
9.Qd2 O-O 10.O-O-O Nbd7 11.g4 b5 12.g5 b4 13.Ne2 Ne8 14.f4 a5 15.f5 Bxb3 
16.cxb3 a4 17.bxa4 Rxa4 18.Kb1 Rxa2 19.Nc1 Ra8 20.Nb3 Qc8 21.Qd5 Nc7 22.
Qc6 Na6 23.Bb5 Qxc6 24.Bxc6 Rad8 25.f6 gxf6 26.gxf6 Nxf6 27.Bh6 Kh8 28.
Bxf8 Rxf8 29.Rhf1 Rg8 30.Bb7 Nc7 31.Na5 Rb8 32.Rd3 Ne6 33.Bd5 Nf4 34.Nc6 
Rb7 35.Rb3 N6xd5 36.exd5 Nxd5 37.Rxf7 Kg8 38.Nd8 Nf4 39.Rg3+ Ng6 40.Rgf3 
Nf4 41.R7xf4 1-0

[Event "71st POL-ch (w)"]
[Site "Warsaw POL"]
[Date "2019.05.11"]
[Round "1.4"]
[White "Sliwicka, Alicja"]
[Black "Zawadzka, Jolanta"]
[Result "0-1"]
[WhiteElo "2271"]
[BlackElo "2427"]
[EventDate "2019.05.11"]
[PlyCount "130"]

1.e4 c5 2.Nc3 Nc6 3.Nf3 e6 4.d4 cxd4 5.Nxd4 Qc7 6.g3 a6 7.Bg2 h5 8.O-O Nf6
9.Re1 Nxd4 10.Qxd4 Bc5 11.Bf4 d6 12.Qd2 Ng4 13.Re2 e5 14.Nd5 Qd8 15.Bg5 f6
16.Be3 Nxe3 17.Nxe3 Bg4 18.Nxg4 hxg4 19.b4 Ba7 20.Qd5 Qd7 21.Rd2 Rc8 22.
Rad1 Ke7 23.Bf1 Qc6 24.Qxc6 Rxc6 25.Be2 Rhc8 26.c4 R8c7 27.a4 Bd4 28.Rc2 
g6 29.Kg2 f5 30.Rh1 b5 31.axb5 axb5 32.h3 gxh3+ 33.Rxh3 Kf6 34.exf5 Kxf5 
35.Rh4 bxc4 36.b5 Rc5 37.b6 Rb7 38.Bxc4 Rxb6 39.Bd3+ Kf6 40.Rxc5 dxc5 41.
f4 Rb3 42.Be4 Re3 43.fxe5+ Bxe5 44.Bf3 Rc3 45.Ra4 g5 46.Ra6+ Kf5 47.g4+ 
Kf4 48.Ra4+ Bd4 49.Be2 Rc2 50.Kf1 Rc1+ 51.Kg2 Rg1+ 52.Kh2 Re1 53.Ra2 Ke3 
54.Bb5 Kf3 55.Kh3 Rh1+ 56.Rh2 Rxh2+ 57.Kxh2 Kxg4 58.Kg2 Kf4 59.Ba6 Ke3 60.
Kg3 Be5+ 61.Kg4 Bf4 62.Bb5 Kd4 63.Kf3 c4 64.Ke2 Kc3 65.Kd1 Kb3 0-1

[Event "71st POL-ch (w)"]
[Site "Warsaw POL"]
[Date "2019.05.11"]
[Round "1.5"]
[White "Dwilewicz, Katarzyna"]
[Black "Majdan, Joanna"]
[Result "0-1"]
[WhiteElo "2028"]
[BlackElo "2371"]
[EventDate "2019.05.11"]
[PlyCount "62"]

1.e4 g6 2.d4 Bg7 3.Nf3 d6 4.Nc3 Nf6 5.Be2 O-O 6.O-O a6 7.h3 b5 8.a3 Bb7 9.
Bd3 Nbd7 10.Re1 e5 11.dxe5 dxe5 12.Bg5 h6 13.Bh4 c5 14.Bf1 Qc7 15.Nd5 Nxd5
16.exd5 Qd6 17.Qd2 g5 18.Bg3 f5 19.Rad1 f4 20.Bh2 Rae8 21.Bd3 c4 22.Be4 
Nc5 23.Qe2 Nxe4 24.Qxe4 Rd8 25.h4 Bxd5 26.Qe2 e4 27.Nd4 gxh4 28.Qh5 Qf6 
29.Qe2 Qg5 30.Qf1 h3 31.g3 e3 0-1

[Event "71st POL-ch (w)"]
[Site "Warsaw POL"]
[Date "2019.05.12"]
[Round "2.1"]
[White "Szczepkowska, Karina"]
[Black "Majdan, Joanna"]
[Result "1-0"]
[WhiteElo "2431"]
[BlackElo "2371"]
[EventDate "2019.05.11"]
[PlyCount "83"]

1.d4 Nf6 2.c4 d6 3.Nc3 e5 4.d5 a5 5.g3 g6 6.Bg2 Bg7 7.Nf3 Na6 8.e4 Nc5 9.
Qc2 O-O 10.O-O c6 11.dxc6 bxc6 12.Be3 Ne6 13.Rad1 Ng4 14.Bc1 Qc7 15.h3 Nf6
16.b3 Ne8 17.Ba3 Nd4 18.Qd3 Bb7 19.Ne1 f5 20.Nc2 c5 21.exf5 Bxg2 22.Kxg2 
gxf5 23.Nxd4 cxd4 24.Nd5 Qb7 25.f3 Rf7 26.g4 a4 27.Rb1 axb3 28.Rxb3 Qa7 
29.gxf5 Nf6 30.Kh1 Nxd5 31.cxd5 Qa6 32.Qxa6 Rxa6 33.Rc1 Rxf5 34.Rc6 Ra8 
35.Bxd6 Rxa2 36.Rb8+ Bf8 37.Rcc8 d3 38.Bxf8 Ra1+ 39.Kh2 Ra2+ 40.Kg3 Rg5+ 
41.Kh4 d2 42.Bh6+ 1-0

[Event "71st POL-ch (w)"]
[Site "Warsaw POL"]
[Date "2019.05.12"]
[Round "2.3"]
[White "Rajlich, Iweta"]
[Black "Sliwicka, Alicja"]
[Result "1-0"]
[WhiteElo "2378"]
[BlackElo "2271"]
[EventDate "2019.05.11"]
[PlyCount "91"]

1.d4 Nf6 2.g3 g6 3.Bg2 Bg7 4.Nc3 d5 5.Bg5 c6 6.Qd2 h6 7.Bf4 Nbd7 8.h4 Nh5 
9.Nf3 a5 10.Rd1 a4 11.Be3 b5 12.Ne5 Nxe5 13.dxe5 Be6 14.Qd4 Qc7 15.Bf4 
Nxf4 16.gxf4 Rb8 17.Qc5 Qb6 18.Qxb6 Rxb6 19.e4 dxe4 20.Bxe4 h5 21.b3 axb3 
22.axb3 O-O 23.Rg1 Rc8 24.Ke2 Kf8 25.Ke3 Bh6 26.Bxg6 fxg6 27.Rxg6 Bf7 28.
Rxh6 Kg7 29.Nd5 Rbb8 30.Nxe7 Kxh6 31.Rd6+ Kg7 32.Nxc8 Rxc8 33.f5 Be8 34.
Kf4 c5 35.f6+ Kg6 36.Rd1 c4 37.Rg1+ Kf7 38.Rg7+ Ke6 39.Re7+ Kd5 40.Kf5 
cxb3 41.cxb3 b4 42.Rxe8 Rxe8 43.f7 Rxe5+ 44.Kf4 Kd4 45.f8=Q Rf5+ 46.Kxf5 
1-0

[Event "71st POL-ch (w)"]
[Site "Warsaw POL"]
[Date "2019.05.13"]
[Round "3.1"]
[White "Kulon, Klaudia"]
[Black "Szczepkowska, Karina"]
[Result "0-1"]
[WhiteElo "2357"]
[BlackElo "2431"]
[EventDate "2019.05.11"]
[PlyCount "52"]

1.e4 e5 2.Nc3 Nf6 3.f4 d5 4.fxe5 Nxe4 5.Qf3 Nc6 6.Bb5 Nxc3 7.bxc3 a6 8.
Bxc6+ bxc6 9.Ne2 Be7 10.Nd4 Bd7 11.e6 Bxe6 12.Nxe6 fxe6 13.O-O Rf8 14.Qh5+
Kd7 15.Re1 Qe8 16.Qe2 Qg6 17.d4 Bd6 18.c4 Rae8 19.Rb1 dxc4 20.Be3 Rf5 21.
Rf1 Ref8 22.Qxc4 Qh5 23.h3 Rxf1+ 24.Rxf1 Qb5 25.Qd3 Qxd3 26.cxd3 Bh2+ 0-1

[Event "71st POL-ch (w)"]
[Site "Warsaw POL"]
[Date "2019.05.13"]
[Round "3.2"]
[White "Warakomska, Anna"]
[Black "Socko, Monika"]
[Result "0-1"]
[WhiteElo "2218"]
[BlackElo "2445"]
[EventDate "2019.05.11"]
[PlyCount "94"]

1.e4 g6 2.d4 d6 3.Bc4 Bg7 4.Nf3 Nc6 5.h3 Nf6 6.Qe2 e5 7.dxe5 Nxe5 8.Nxe5 
dxe5 9.O-O O-O 10.Nc3 c6 11.a4 Nh5 12.Be3 Nf4 13.Qf3 Be6 14.Rfd1 Qe7 15.
Bxe6 Nxe6 16.Qe2 Nd4 17.Qc4 Rfd8 18.Rd2 Rd7 19.Rad1 Rad8 20.Na2 b5 21.axb5
cxb5 22.Qb4 Qe6 23.Nc3 a6 24.Nd5 h6 25.Qa5 f5 26.f3 Kh8 27.Ra1 Rd6 28.Ra3 
Qf7 29.Rc3 Ne6 30.Bb6 Ra8 31.Rcd3 Nd4 32.Qa3 Rc6 33.c3 Bf8 34.b4 Ne6 35.
Qa2 Ng5 36.exf5 gxf5 37.Be3 f4 38.Bf2 Re8 39.Re2 Nxh3+ 40.gxh3 Qg6+ 41.Kh2
Qxd3 42.Nxf4 Qf5 43.Qd2 Bg7 44.Bg3 Rcc8 45.Nd5 Rcd8 46.Qa2 Qxf3 47.Nc7 Rd1
0-1

[Event "71st POL-ch (w)"]
[Site "Warsaw POL"]
[Date "2019.05.13"]
[Round "3.3"]
[White "Sliwicka, Alicja"]
[Black "Kubicka, Anna"]
[Result "1-0"]
[WhiteElo "2271"]
[BlackElo "2142"]
[EventDate "2019.05.11"]
[PlyCount "104"]

1.e4 c6 2.d4 d5 3.Nc3 dxe4 4.Nxe4 Bf5 5.Ng3 Bg6 6.h4 h6 7.f4 e6 8.Nf3 Nd7 
9.h5 Bh7 10.Bd3 Bxd3 11.Qxd3 Ngf6 12.Bd2 Qc7 13.O-O-O c5 14.Ne5 cxd4 15.
Rhe1 Rc8 16.Nf5 Nxe5 17.Rxe5 Nd7 18.Re2 Qc4 19.Qxc4 Rxc4 20.Be1 Nf6 21.
Nxd4 Bc5 22.Nb3 O-O 23.Nxc5 Rxc5 24.Bb4 Rxh5 25.Bxf8 Kxf8 26.Rd8+ Ke7 27.
Rb8 Rb5 28.a4 Rb4 29.c3 Nd7 30.cxb4 Nxb8 31.Kc2 Nd7 32.Kb3 f5 33.Rc2 Kd6 
34.Rc8 g5 35.g3 gxf4 36.gxf4 Nb6 37.Rd8+ Kc7 38.Rh8 Nd5 39.Rxh6 Nxf4 40.
Rh7+ Kb6 41.Re7 a6 42.a5+ Kc6 43.Kc4 b5+ 44.Kb3 Kd5 45.Ra7 Ne2 46.Rxa6 f4 
47.Ra8 f3 48.Rf8 Kc6 49.Rf7 Nd4+ 50.Kc3 Nf5 51.Rxf5 exf5 52.Kd2 Kd5 1-0

[Event "71st POL-ch (w)"]
[Site "Warsaw POL"]
[Date "2019.05.13"]
[Round "3.4"]
[White "Dwilewicz, Katarzyna"]
[Black "Rajlich, Iweta"]
[Result "0-1"]
[WhiteElo "2028"]
[BlackElo "2378"]
[EventDate "2019.05.11"]
[PlyCount "80"]

1.e4 c5 2.Nf3 g6 3.c4 Bg7 4.d4 cxd4 5.Nxd4 Nc6 6.Be3 Qb6 7.Nb3 Qd8 8.Qd2 
Nf6 9.f3 d6 10.Nc3 O-O 11.Be2 a5 12.O-O Bd7 13.Rfd1 a4 14.Nd4 Nxd4 15.Bxd4
Qa5 16.Rac1 Rfc8 17.Rc2 Be6 18.Nb5 Qxd2 19.Rdxd2 Bh6 20.Rd1 Nd7 21.Kf2 f5 
22.exf5 gxf5 23.g3 Nc5 24.Bf1 Bd7 25.Nc3 Bc6 26.Bxc5 dxc5 27.Nd5 Kf8 28.f4
Bg7 29.Ke1 Ra6 30.Re2 Rd8 31.Bh3 a3 32.b3 Bd4 33.Bxf5 Bxd5 34.cxd5 Rxd5 
35.Bd3 Bc3+ 36.Kf2 Rad6 37.Ke3 b5 38.Rc2 b4 39.h3 e5 40.f5 Rd4 0-1

[Event "71st POL-ch (w)"]
[Site "Warsaw POL"]
[Date "2019.05.13"]
[Round "3.5"]
[White "Majdan, Joanna"]
[Black "Zawadzka, Jolanta"]
[Result "1/2-1/2"]
[WhiteElo "2371"]
[BlackElo "2427"]
[EventDate "2019.05.11"]
[PlyCount "63"]

1.e4 c5 2.Nf3 e6 3.d4 cxd4 4.Nxd4 Nc6 5.Nc3 Qc7 6.f4 Nxd4 7.Qxd4 b6 8.Be2 
Bb7 9.Bf3 Nf6 10.a3 Rc8 11.Qd3 Qc4 12.Be3 d5 13.exd5 Qxd3 14.cxd3 Nxd5 15.
Nxd5 Bxd5 16.Bxd5 exd5 17.Kd2 Bd6 18.g3 Kd7 19.Rac1 h5 20.Rxc8 Rxc8 21.Bd4
f6 22.Rf1 Rh8 23.h3 Ke6 24.Ke3 Rc8 25.Kf3 Rc2 26.Rf2 Rc1 27.Re2+ Kf7 28.
Be3 Rf1+ 29.Rf2 Rd1 30.Rd2 Rf1+ 31.Rf2 Rd1 32.Rd2 1/2-1/2

[Event "71st POL-ch (w)"]
[Site "Warsaw POL"]
[Date "2019.05.14"]
[Round "4.1"]
[White "Szczepkowska, Karina"]
[Black "Zawadzka, Jolanta"]
[Result "0-1"]
[WhiteElo "2431"]
[BlackElo "2427"]
[EventDate "2019.05.11"]
[PlyCount "110"]

1.d4 d5 2.c4 e6 3.Nf3 Nf6 4.Nc3 Bb4 5.Bg5 h6 6.Bxf6 Qxf6 7.e3 O-O 8.Rc1 
dxc4 9.Bxc4 c5 10.Qb3 cxd4 11.Qxb4 Nc6 12.Qa3 dxc3 13.Qxc3 Qxc3+ 14.Rxc3 
Bd7 15.O-O Rfd8 16.Rcc1 Kf8 17.Rfd1 Ke7 18.Kf1 Rac8 19.Ke1 f6 20.h3 g5 21.
Be2 Be8 22.Rxd8 Rxd8 23.Rd1 Rd6 24.Rxd6 Kxd6 25.Kd2 e5 26.Kc3 Ne7 27.Nd2 
Nd5+ 28.Kc2 Bg6+ 29.e4 Nf4 30.Bf1 Bf7 31.a3 h5 32.g3 Ne6 33.Nc4+ Kc5 34.
Kc3 Nd4 35.Nd2 h4 36.gxh4 gxh4 37.f4 b5 38.fxe5 fxe5 39.Kd3 a5 40.Kc3 b4+ 
41.axb4+ axb4+ 42.Kd3 Nb3 43.Nf3 Bc4+ 44.Ke3 Bxf1 45.Nxe5 Na5 46.Nf3 Nc4+ 
47.Kf2 Bxh3 48.b3 Na5 49.Ke3 Nxb3 50.Nxh4 Kc4 51.Nf3 Kc3 52.e5 Na5 53.e6 
Bxe6 54.Nd4 Bc4 55.Ke4 Nb3 0-1

[Event "71st POL-ch (w)"]
[Site "Warsaw POL"]
[Date "2019.05.14"]
[Round "4.2"]
[White "Rajlich, Iweta"]
[Black "Majdan, Joanna"]
[Result "1/2-1/2"]
[WhiteElo "2378"]
[BlackElo "2371"]
[EventDate "2019.05.11"]
[PlyCount "97"]

1.d4 Nf6 2.Nf3 g6 3.Bg5 Bg7 4.e3 c5 5.c3 Qb6 6.Qb3 d5 7.Nbd2 c4 8.Qa3 Nc6 
9.b3 cxb3 10.axb3 O-O 11.b4 Re8 12.b5 Nb8 13.c4 dxc4 14.Bxc4 Be6 15.Bxe6 
Qxe6 16.Qb3 Qxb3 17.Nxb3 Nbd7 18.O-O Nd5 19.Rfc1 f5 20.Nc5 Nxc5 21.Rxc5 e6
22.Kf1 Bf8 23.Rcc1 h6 24.Bf4 a5 25.bxa6 bxa6 26.Bc7 Rec8 27.Ba5 Bd6 28.Ke2
Kf7 29.Kd3 Kf6 30.h4 g5 31.hxg5+ hxg5 32.Rxc8 Rxc8 33.Rb1 g4 34.Nd2 e5 35.
dxe5+ Bxe5 36.g3 Ke6 37.e4 fxe4+ 38.Nxe4 Rf8 39.Rb7 Rf3+ 40.Kc4 Ra3 41.
Nc5+ Kf5 42.Kxd5 Rxa5 43.Rf7+ Bf6 44.Ra7 Ra2 45.Rxa6 Rd2+ 46.Kc4 Rc2+ 47.
Kd5 Rd2+ 48.Kc4 Rc2+ 49.Kd5 1/2-1/2

[Event "71st POL-ch (w)"]
[Site "Warsaw POL"]
[Date "2019.05.14"]
[Round "4.3"]
[White "Kubicka, Anna"]
[Black "Dwilewicz, Katarzyna"]
[Result "1-0"]
[WhiteElo "2142"]
[BlackElo "2028"]
[EventDate "2019.05.11"]
[PlyCount "79"]

1.e4 c5 2.Nf3 e6 3.d4 cxd4 4.Nxd4 Nc6 5.Nc3 Qc7 6.Be3 a6 7.Qf3 Nf6 8.O-O-O
Be7 9.Kb1 O-O 10.g4 d6 11.g5 Nd7 12.Qg3 b5 13.Nxc6 Qxc6 14.Bg2 Bb7 15.Rhg1
Qc7 16.f4 b4 17.Ne2 Rfc8 18.Rd2 Nc5 19.Bxc5 Qxc5 20.Rc1 a5 21.c3 Qb6 22.f5
exf5 23.exf5 Bxg2 24.Qxg2 Qe3 25.Rdc2 Qxg5 26.Qf3 Rab8 27.Rg1 Qh6 28.c4 
Qxh2 29.Rg3 Qh4 30.Nf4 Kh8 31.Rh3 Qe1+ 32.Rc1 Qe5 33.Rch1 h6 34.Qg4 Qf6 
35.Nd5 Qg5 36.Qd4 Kg8 37.Rh5 Bf6 38.Qf2 Rxc4 39.Rxg5 Bxg5 40.f6 1-0

[Event "71st POL-ch (w)"]
[Site "Warsaw POL"]
[Date "2019.05.14"]
[Round "4.4"]
[White "Socko, Monika"]
[Black "Sliwicka, Alicja"]
[Result "1-0"]
[WhiteElo "2445"]
[BlackElo "2271"]
[EventDate "2019.05.11"]
[PlyCount "89"]

1.d4 Nf6 2.c4 d6 3.Nf3 Nbd7 4.Nc3 e5 5.e4 g6 6.Be2 Bg7 7.O-O O-O 8.Be3 c6 
9.Rc1 Qe7 10.d5 c5 11.Ne1 Ne8 12.Nd3 f5 13.f3 f4 14.Bf2 g5 15.b4 b6 16.
bxc5 bxc5 17.Rb1 h5 18.Qa4 Nb8 19.h3 g4 20.fxg4 hxg4 21.Bxg4 Bxg4 22.hxg4 
Qg5 23.Ne1 Qxg4 24.Nf3 Nf6 25.Rb7 Kh8 26.Qd1 Nbd7 27.Nh4 Qxd1 28.Rxd1 Rfb8
29.Rc7 Rb2 30.Nf5 Rc2 31.Be1 f3 32.gxf3 Rg8 33.Kf1 Nb6 34.Nxd6 Nh5 35.Rd2 
Ng3+ 36.Kg2 Rxd2+ 37.Bxd2 Bf6 38.Nf7+ Kh7 39.Nxe5+ Rg7 40.Rxg7+ Kxg7 41.
Bf4 Nh5 42.Bh2 Nxc4 43.Nxc4 Bxc3 44.e5 Kg6 45.f4 1-0

[Event "71st POL-ch (w)"]
[Site "Warsaw POL"]
[Date "2019.05.14"]
[Round "4.5"]
[White "Kulon, Klaudia"]
[Black "Warakomska, Anna"]
[Result "1-0"]
[WhiteElo "2357"]
[BlackElo "2218"]
[EventDate "2019.05.11"]
[PlyCount "61"]

1.e4 c5 2.Nc3 Nc6 3.g3 g6 4.Bg2 Bg7 5.Nge2 e6 6.d3 Nge7 7.Be3 Nd4 8.Qd2 
Rb8 9.O-O O-O 10.Nc1 d6 11.Nd1 b5 12.c3 Ndc6 13.Bh6 b4 14.Bxg7 Kxg7 15.Ne3
Bb7 16.cxb4 cxb4 17.d4 e5 18.Nb3 a5 19.d5 Na7 20.a4 Ba6 21.Rfc1 Nac8 22.f4
Qb6 23.fxe5 dxe5 24.Nc5 Qd6 25.Ng4 Ng8 26.Nxa6 Qxa6 27.Nxe5 Nf6 28.Qd4 Qb6
29.Rc5 Rb7 30.Rf1 Kg8 31.Nc4 1-0

[Event "71st POL-ch (w)"]
[Site "Warsaw POL"]
[Date "2019.05.15"]
[Round "5.1"]
[White "Warakomska, Anna"]
[Black "Szczepkowska, Karina"]
[Result "1/2-1/2"]
[WhiteElo "2218"]
[BlackElo "2431"]
[EventDate "2019.05.11"]
[PlyCount "78"]

1.e4 e5 2.Nf3 Nf6 3.Nxe5 d6 4.Nf3 Nxe4 5.Nc3 Nxc3 6.dxc3 Be7 7.Be3 O-O 8.
Qd2 Nd7 9.Be2 Ne5 10.h3 c6 11.O-O-O Qa5 12.Kb1 b5 13.c4 b4 14.Nd4 c5 15.
Nb3 Qc7 16.f4 Nd7 17.Bf3 Rb8 18.Qd3 Nb6 19.Nd2 Ba6 20.Be4 h6 21.f5 d5 22.
Bxd5 Nxd5 23.Qxd5 Bb7 24.Qd3 Rbd8 25.Qe2 Qe5 26.Nf3 Qe4 27.Rhe1 Bf6 28.Qf2
Qxc4 29.Nd2 Qb5 30.Bxc5 Rfe8 31.Nb3 a5 32.Rxd8 Rxd8 33.Bb6 Ra8 34.g4 a4 
35.Qc5 Qd7 36.Nd4 b3 37.cxb3 axb3 38.a3 Rc8 39.Qb4 Bh4 1/2-1/2

[Event "71st POL-ch (w)"]
[Site "Warsaw POL"]
[Date "2019.05.15"]
[Round "5.2"]
[White "Sliwicka, Alicja"]
[Black "Kulon, Klaudia"]
[Result "1-0"]
[WhiteElo "2271"]
[BlackElo "2357"]
[EventDate "2019.05.11"]
[PlyCount "145"]

1.e4 e6 2.d4 d5 3.Nc3 Nc6 4.Nf3 Nf6 5.Bg5 Be7 6.e5 Ne4 7.Bxe7 Qxe7 8.Bd3 
Qb4 9.O-O Nxc3 10.bxc3 Qxc3 11.Rb1 Qa3 12.Ng5 g6 13.Qg4 Qe7 14.h4 h6 15.
Nh3 Nb4 16.Bb5+ c6 17.Ba4 a5 18.c3 Nxa2 19.Qg3 Qa3 20.Bb3 a4 21.Bxa2 Qxa2 
22.h5 Qc2 23.Nf4 g5 24.Nd3 a3 25.Rbc1 Qe2 26.Qh3 Qe4 27.f4 g4 28.Qg3 Qf5 
29.c4 a2 30.Nf2 Rg8 31.c5 Qxh5 32.Ra1 Qf5 33.Rfc1 h5 34.Qe3 h4 35.Rf1 Kf8 
36.Rfc1 h3 37.g3 h2+ 38.Kg2 Ra4 39.Qd2 Rh8 40.Rh1 Ra3 41.Rxa2 Rf3 42.Qe2 
Ke7 43.Rxh2 Rxh2+ 44.Kxh2 Qb1 45.Rb2 Qc1 46.Rd2 Rb3 47.Nxg4 b5 48.cxb6 Ba6
49.Qf2 Rb1 50.Kh3 Bf1+ 51.Kh4 Rxb6 52.f5 Qb1 53.Qf4 Qxf5 54.Qxf5 exf5 55.
Ne3 Bc4 56.Kg5 Rb3 57.Nxf5+ Ke6 58.Rh2 Bd3 59.Rh6+ Kd7 60.g4 c5 61.dxc5 
Bc4 62.Rd6+ Kc7 63.Kf6 Be2 64.Nd4 Re3 65.Nxe2 Rxe2 66.Kxf7 Rxe5 67.Kf6 Re4
68.g5 Rf4+ 69.Ke5 Rg4 70.g6 d4 71.Kf5 Rg1 72.Rxd4 Kc6 73.Rg4 1-0

[Event "71st POL-ch (w)"]
[Site "Warsaw POL"]
[Date "2019.05.15"]
[Round "5.3"]
[White "Dwilewicz, Katarzyna"]
[Black "Socko, Monika"]
[Result "0-1"]
[WhiteElo "2028"]
[BlackElo "2445"]
[EventDate "2019.05.11"]
[PlyCount "104"]

1.e4 c5 2.Nf3 Nc6 3.d4 cxd4 4.Nxd4 g6 5.c4 Bg7 6.Be3 Nf6 7.Nc3 O-O 8.Be2 
d6 9.O-O Bd7 10.Qd2 Nxd4 11.Bxd4 Bc6 12.f3 a5 13.Rfd1 Nd7 14.Rac1 Bxd4+ 
15.Qxd4 Qb6 16.Qxb6 Nxb6 17.Nd5 Bxd5 18.cxd5 Rfc8 19.Bb5 Kg7 20.Kf2 f5 21.
Ke3 Kf6 22.Kd4 h5 23.g3 Rab8 24.a3 fxe4 25.Kxe4 h4 26.f4 hxg3 27.hxg3 Rh8 
28.Rh1 Rxh1 29.Rxh1 Rc8 30.Rh7 Nxd5 31.Bd7 Rd8 32.Kxd5 Rxd7 33.Rh8 e6+ 34.
Kd4 g5 35.Rf8+ Kg7 36.Re8 gxf4 37.gxf4 Kf6 38.Rf8+ Rf7 39.Ra8 Ke7 40.Rxa5 
Rxf4+ 41.Ke3 Rf7 42.b4 e5 43.Ra7 Ke6 44.a4 Kd5 45.Ra5+ Kc4 46.Rb5 Rd7 47.
Rb6 d5 48.b5 d4+ 49.Kd2 e4 50.Re6 e3+ 51.Ke2 Kc3 52.a5 d3+ 0-1

[Event "71st POL-ch (w)"]
[Site "Warsaw POL"]
[Date "2019.05.15"]
[Round "5.4"]
[White "Majdan, Joanna"]
[Black "Kubicka, Anna"]
[Result "1/2-1/2"]
[WhiteElo "2371"]
[BlackElo "2142"]
[EventDate "2019.05.11"]
[PlyCount "84"]

1.e4 c6 2.d4 d5 3.Nc3 dxe4 4.Nxe4 Bf5 5.Ng3 Bg6 6.Nh3 Nf6 7.Nf4 e5 8.dxe5 
Qa5+ 9.c3 Qxe5+ 10.Be2 Qc7 11.Bc4 Bd6 12.Qe2+ Qe7 13.Qxe7+ Kxe7 14.Nxg6+ 
hxg6 15.Bg5 Bxg3 16.fxg3 Nd7 17.O-O Rhe8 18.Rad1 Rad8 19.Be3 b6 20.Bf4 Nc5
21.Bc7 Rxd1 22.Rxd1 Nfe4 23.Be5 Kf8 24.Bf4 b5 25.Bf1 Na4 26.Bc1 f5 27.g4 
Ke7 28.Be2 Rd8 29.Rf1 Ke6 30.Bf3 a5 31.Re1 Nc5 32.gxf5+ gxf5 33.Be3 Nd3 
34.Rd1 Rd7 35.Rb1 g6 36.Kf1 Ne5 37.Ke2 Nxf3 38.gxf3 Nd6 39.Rg1 Kf7 40.Rd1 
Ke6 41.Rg1 Kf7 42.Rd1 Ke6 1/2-1/2

[Event "71st POL-ch (w)"]
[Site "Warsaw POL"]
[Date "2019.05.15"]
[Round "5.5"]
[White "Zawadzka, Jolanta"]
[Black "Rajlich, Iweta"]
[Result "0-1"]
[WhiteElo "2427"]
[BlackElo "2378"]
[EventDate "2019.05.11"]
[PlyCount "72"]

1.e4 c5 2.Nf3 g6 3.c3 Nf6 4.e5 Nd5 5.d4 cxd4 6.cxd4 Bg7 7.Bc4 Nb6 8.Bb3 
O-O 9.O-O Nc6 10.a4 d5 11.h3 Bf5 12.Nc3 Rc8 13.Qe2 a5 14.Rd1 Nb4 15.g4 Bd7
16.Kg2 Rc6 17.Ne1 f5 18.Nd3 fxg4 19.hxg4 h5 20.Nxb4 Rxc3 21.bxc3 Bxg4 22.
Qd3 axb4 23.Qxg6 Bf3+ 24.Kf1 Qc8 25.Bh6 Qg4 26.Qxg4 hxg4 27.Bg5 Rf5 28.
Rdc1 Rxg5 29.Bd1 b3 30.Rab1 Nc4 31.Kg1 b2 32.Rc2 Be4 33.Rcxb2 Nxb2 34.Rxb2
Rh5 35.f3 gxf3 36.Rxb7 Rh1+ 0-1

[Event "71st POL-ch (w)"]
[Site "Warsaw POL"]
[Date "2019.05.16"]
[Round "6.1"]
[White "Szczepkowska, Karina"]
[Black "Rajlich, Iweta"]
[Result "0-1"]
[WhiteElo "2431"]
[BlackElo "2378"]
[EventDate "2019.05.11"]
[PlyCount "86"]

1.d4 d5 2.c4 Nc6 3.cxd5 Qxd5 4.e3 e5 5.Nc3 Bb4 6.a3 Bxc3+ 7.bxc3 Nf6 8.c4 
Qd6 9.d5 Nb8 10.Ne2 O-O 11.Nc3 Bf5 12.Be2 Na6 13.O-O Rfe8 14.f3 e4 15.f4 
c6 16.g4 Nxg4 17.Kh1 Nf6 18.Rg1 Nc5 19.Qe1 Nd3 20.Qg3 g6 21.Bd2 h6 22.Qh4 
Kh7 23.Rg2 Qe7 24.Qg3 Rad8 25.h3 Rg8 26.Rb1 Bc8 27.Bg4 Nh5 28.Qh2 Bf5 29.
Ne2 Ng7 30.Nd4 cxd5 31.cxd5 Rxd5 32.Qg1 Rc8 33.a4 b6 34.Rb5 Qd7 35.Rxd5 
Qxd5 36.Bd1 Qd8 37.Bb3 Qf6 38.Kh2 Rc5 39.Bd1 Bd7 40.Nb3 Rd5 41.a5 bxa5 42.
Nxa5 Qh4 43.Rg3 Nxf4 0-1

[Event "71st POL-ch (w)"]
[Site "Warsaw POL"]
[Date "2019.05.16"]
[Round "6.2"]
[White "Kubicka, Anna"]
[Black "Zawadzka, Jolanta"]
[Result "1-0"]
[WhiteElo "2142"]
[BlackElo "2427"]
[EventDate "2019.05.11"]
[PlyCount "91"]

1.d4 d5 2.c4 e6 3.Nc3 c6 4.Nf3 dxc4 5.e3 b5 6.a4 Bb4 7.Bd2 a5 8.axb5 Bxc3 
9.Bxc3 cxb5 10.b3 Bb7 11.bxc4 b4 12.Bb2 Nf6 13.Bd3 O-O 14.O-O Nbd7 15.Re1 
Ne4 16.Nd2 Nxd2 17.Qxd2 Qe7 18.Qc2 h6 19.e4 e5 20.Re3 Rfd8 21.d5 Nc5 22.
Rg3 f6 23.Bc1 Kh7 24.Be3 Rdc8 25.Bf1 Qf7 26.Qb1 Rc7 27.Be2 Bc8 28.Qd1 Nxe4
29.Bh5 Qf8 30.Bg6+ Kh8 31.Bxe4 Rxc4 32.Bd3 Rh4 33.Qc2 Bb7 34.Qc7 Bxd5 35.
Rxa5 Rc8 36.Qd7 Bc4 37.Bxc4 Rhxc4 38.h3 b3 39.Rb5 Rc3 40.Rb7 f5 41.Rxg7 
R3c7 42.Rh7+ Kg8 43.Rxc7 Rxc7 44.Qxc7 b2 45.Rh8+ Kxh8 46.Qxe5+ 1-0

[Event "71st POL-ch (w)"]
[Site "Warsaw POL"]
[Date "2019.05.16"]
[Round "6.3"]
[White "Socko, Monika"]
[Black "Majdan, Joanna"]
[Result "0-1"]
[WhiteElo "2445"]
[BlackElo "2371"]
[EventDate "2019.05.11"]
[PlyCount "80"]

1.d4 d6 2.e4 g6 3.Nc3 Bg7 4.Be3 Nf6 5.h3 O-O 6.g4 c5 7.d5 Qa5 8.Bg2 b5 9.
Ne2 b4 10.Nb1 Nfd7 11.Nd2 Ba6 12.Qc1 Bxe2 13.Kxe2 Nb6 14.f4 e6 15.Kf2 exd5
16.exd5 Na4 17.Rb1 Nd7 18.Nc4 Qa6 19.Qf1 Nab6 20.Nxd6 Qxa2 21.Qc1 a5 22.
Ra1 Qxb2 23.Qxb2 Bxb2 24.Ra2 Bg7 25.Nb7 Nc4 26.Nxc5 Nxe3 27.Nxd7 Nxg2 28.
Nxf8 Nxf4 29.Nd7 Nxd5 30.Kf3 Nc3 31.Raa1 a4 32.Rhe1 a3 33.Nb6 Rb8 34.Nd7 
Ra8 35.Nb6 Rd8 36.Nc4 Nb5 37.Rad1 Rxd1 38.Rxd1 a2 39.Rd8+ Bf8 40.Rd1 Nd4+ 
0-1

[Event "71st POL-ch (w)"]
[Site "Warsaw POL"]
[Date "2019.05.16"]
[Round "6.4"]
[White "Kulon, Klaudia"]
[Black "Dwilewicz, Katarzyna"]
[Result "1/2-1/2"]
[WhiteElo "2357"]
[BlackElo "2028"]
[EventDate "2019.05.11"]
[PlyCount "83"]

1.e4 e5 2.Nc3 Nf6 3.g3 d5 4.exd5 Nxd5 5.Bg2 Nxc3 6.bxc3 Nc6 7.Nf3 Bc5 8.
O-O O-O 9.Re1 Qf6 10.Qe2 Bg4 11.h3 Bh5 12.g4 Bg6 13.d3 h6 14.Be3 Bd6 15.
Nd2 Nd4 16.Qd1 Nb5 17.c4 Nd4 18.Bxb7 Rab8 19.Bg2 Rb2 20.c5 Bxc5 21.Nc4 
Rbb8 22.c3 Ne6 23.Bxc5 Nxc5 24.Nxe5 Rb2 25.Re2 Rxe2 26.Qxe2 Re8 27.d4 Nd3 
28.Qe3 Nxe5 29.f4 Nf3+ 30.Qxf3 Be4 31.Qe3 Bc6 32.Qd2 Bxg2 33.Kxg2 Qc6+ 34.
Kf2 a5 35.Qd3 Rb8 36.Rc1 Qd5 37.Rc2 Qh1 38.Kg3 Qe1+ 39.Kf3 Qh1+ 40.Kg3 
Qe1+ 41.Kf3 Qh1+ 42.Kg3 1/2-1/2

[Event "71st POL-ch (w)"]
[Site "Warsaw POL"]
[Date "2019.05.17"]
[Round "7.1"]
[White "Sliwicka, Alicja"]
[Black "Szczepkowska, Karina"]
[Result "1/2-1/2"]
[WhiteElo "2271"]
[BlackElo "2431"]
[EventDate "2019.05.11"]
[PlyCount "90"]

1.e4 e5 2.Nc3 Nf6 3.Nf3 Nc6 4.d4 exd4 5.Nxd4 Bb4 6.Nxc6 bxc6 7.Bd3 d5 8.
exd5 cxd5 9.O-O O-O 10.Bg5 c6 11.Qf3 Be7 12.Rae1 Be6 13.Ne2 h6 14.Bc1 c5 
15.Bf5 Bxf5 16.Qxf5 Re8 17.Ng3 Qd7 18.b3 Qxf5 19.Nxf5 Bf8 20.Bb2 d4 21.c3 
g6 22.Ng3 Nd5 23.cxd4 Bg7 24.Rd1 Rad8 25.Ba1 cxd4 26.Bxd4 Bxd4 27.Rxd4 Nc3
28.Rc4 Ne2+ 29.Nxe2 Rxe2 30.Ra4 Rd7 31.g4 Kg7 32.Rc1 Rdd2 33.Rf4 Re7 34.a4
Rb2 35.Rc3 g5 36.Rf5 Rb7 37.Rff3 Rb4 38.h3 Rb7 39.Kg2 Rb1 40.a5 Rd7 41.Rf5
Re7 42.a6 Rb2 43.Rff3 Rb1 44.Rf5 Rb2 45.Rff3 Ra2 1/2-1/2

[Event "71st POL-ch (w)"]
[Site "Warsaw POL"]
[Date "2019.05.17"]
[Round "7.2"]
[White "Dwilewicz, Katarzyna"]
[Black "Warakomska, Anna"]
[Result "0-1"]
[WhiteElo "2028"]
[BlackElo "2218"]
[EventDate "2019.05.11"]
[PlyCount "70"]

1.e4 c6 2.d4 d5 3.e5 Bf5 4.h4 h5 5.Bd3 Bxd3 6.Qxd3 Qa5+ 7.Nd2 e6 8.Nf3 Ne7
9.O-O Nf5 10.c4 Qa6 11.b3 Be7 12.g3 O-O 13.Qc2 Nd7 14.Bb2 Rac8 15.Rfe1 g6 
16.c5 b6 17.b4 bxc5 18.bxc5 Rb8 19.Bc3 Rb5 20.Rab1 Rfb8 21.Rec1 Rxb1 22.
Rxb1 Rxb1+ 23.Qxb1 Kg7 24.Qb2 Qe2 25.Bb4 f6 26.Bc3 fxe5 27.Qb7 e4 28.Ng5 
e3 29.Nxe6+ Kh6 30.fxe3 Qxe3+ 31.Kg2 Qxg3+ 32.Kh1 Ne3 33.Nf4 Qxf4 34.Qxd7 
Qxh4+ 35.Kg1 Qg3+ 0-1

[Event "71st POL-ch (w)"]
[Site "Warsaw POL"]
[Date "2019.05.17"]
[Round "7.3"]
[White "Majdan, Joanna"]
[Black "Kulon, Klaudia"]
[Result "1-0"]
[WhiteElo "2371"]
[BlackElo "2357"]
[EventDate "2019.05.11"]
[PlyCount "77"]

1.e4 d5 2.exd5 Nf6 3.Bb5+ Bd7 4.Be2 Nxd5 5.d4 Bf5 6.a3 g6 7.c4 Nb6 8.Nc3 
Bg7 9.Be3 O-O 10.h3 e5 11.d5 c6 12.Qb3 cxd5 13.cxd5 Na6 14.Nf3 Rc8 15.Rd1 
e4 16.Nd4 Nc5 17.Qa2 Bd7 18.O-O Re8 19.Ndb5 Bxb5 20.Bxb5 Nbd7 21.b4 Na6 
22.Ne2 Nc7 23.Ba4 b5 24.Bb3 a6 25.d6 Ne6 26.Nf4 Nxf4 27.Bxf7+ Kh8 28.Bxe8 
Nxh3+ 29.gxh3 Qxe8 30.Qd5 Rc3 31.Rd4 Qd8 32.Qxe4 Be5 33.Rd5 Rc4 34.Bd4 
Qg5+ 35.Kh1 Rxd4 36.Rxd4 Nf6 37.Qe3 Qf5 38.d7 Nxd7 39.Rxd7 1-0